000 00989nam a2200265 i 4500
001 21562
003 ES-MaACL
005 20250825062641.0
007 t|
008 021126s1886 sp a |||| | spa d
040 _cES-MaACL
245 0 0 _aÁlbum artístico de la Gaceta de Fomento :
_bregalo a nuestros suscriptores.
260 _aMadrid :
_bGaceta de Fomento,
_c1886
_f(M. Minuesa de los Ríos)
300 _a80 páginas :
_bilustraciones (blanco y negro) ;
_c35 cm.
530 _aDisponible en formato digital
594 _aDirector, José Lon y Albareda
597 _aTexto a 3 columnas
655 7 _aLibros ilustrados
_2tgfbne
_9193653
700 1 _aLon y Albareda, José.
_973209
_epbd
852 _aES-MaACL
_cDEPOF
_jT-501-F-17
856 _uhttps://bvpb.mcu.es/es/consulta/registro.do?id=577724
_yVersión en línea
_z(Biblioteca Virtual del Patrimonio Bibliográfico)
942 _cMONANT
_n0
999 _c21562
_d21562